000 00299nam a22001337a 4500
008 171004b xxu||||| |||| 00| 0 eng d
020 _a9780073133690
041 _aeng
080 _24TH
_a159.9
100 _a48
101 _aPSI
245 _aABNORMAL PSYCHOLOGY
_cHOEKSEMA,S,N
942 _2udc
_cBK
999 _c31722
_d31722